| 000 | 00725nam a22001937a 4500 | ||
|---|---|---|---|
| 999 |
_c3528 _d3528 |
||
| 003 | AR-CdUCM | ||
| 008 | 190306b ||||| |||| 00| 0 eng d | ||
| 040 |
_aMUNICIPALIDAD PROVINCIAL DEL CUSCO _cBIBLIOTECA MUNICIPAL DEL CUSCO |
||
| 082 |
_a336.944 / _bB71 |
||
| 100 |
_aBoucard, Max _911563 |
||
| 245 |
_aElements science des finances : _bet de la legislation financiere francaise / |
||
| 260 |
_aParis : _bV. giard & E. briere, _c1896. |
||
| 300 |
_a451 páginas ; _c24 cm. |
||
| 505 | _aPréparation du budget -- Vote du budget -- Prepatión et vote de la dotation du pouvoir législatif... | ||
| 650 |
_aScience des finances. _911564 |
||
| 700 |
_aJeze, Gaston _911565 |
||
| 942 |
_2ddc _cLIBROS |
||
| 945 |
_awfj _d2019-03-06 |
||